000 nam a22 7a 4500
999 _c7966
_d7966
008 171120b xxu||||| |||| 00| 0 eng d
100 _94423
_aNCERT
245 _aSCIENCE EXEMPLAR PROBLEMS-IX
260 _aNEW DELHI
_bNCERT
_c2016